header

Action learning for managers (Record no. 81674)

MARC details
000 -LEADER
fixed length control field 01635nam a2200337 a 4500
082 04 - DEWEY DECIMAL CLASSIFICATION NUMBER
Classification number 658.4/07124
100 1# - MAIN ENTRY--AUTHOR NAME
Personal name Pedler, Mike
245 10 - TITLE STATEMENT
Title Action learning for managers
260 ## - PUBLICATION, DISTRIBUTION, ETC. (IMPRINT)
Place of publication Aldershot, England ;
-- Burlington, VT :
Name of publisher Ashgate Pub.,
Year of publication c2008.
300 ## - PHYSICAL DESCRIPTION
Number of Pages vii, 87 p. :
Other physical details ill.
505 0# - FORMATTED CONTENTS NOTE
Formatted contents note What is action learning? -- Will it work in my organisation? -- What does an action learning programme look like? -- How does an action learning set work? -- What is an action learning problem? -- What skills are developed in action learning? -- How do you evaluate action learning? -- Surely action learning can't do everything? -- Where can I get more help?
650 #0 - SUBJECT ADDED ENTRY--TOPICAL TERM
Topical Term Supervisors
Topical Term Executives
Topical Term Active learning.
856 40 - ELECTRONIC LOCATION AND ACCESS
Uniform Resource Identifier http://site.ebrary.com/lib/rucke/Doc?id=10404113

No items available.

© 2026 Rongo University
Contact us: librarian | system librarian | Rongo university